Tabaco : (Record no. 26936)
[ view plain ]
| 000 -LEADER | |
|---|---|
| fixed length control field | 01087nam a2200301 i 4500 |
| 003 - CONTROL NUMBER IDENTIFIER | |
| control field | CSPC |
| 005 - DATE AND TIME OF LATEST TRANSACTION | |
| control field | 20240206154300.0 |
| 008 - FIXED-LENGTH DATA ELEMENTS--GENERAL INFORMATION | |
| fixed length control field | 240205s2020 ph 000 0 eng d |
| 010 ## - LIBRARY OF CONGRESS CONTROL NUMBER | |
| LC control number | 2023353296 |
| 020 ## - INTERNATIONAL STANDARD BOOK NUMBER | |
| International Standard Book Number | 9786219633840 |
| 040 ## - CATALOGING SOURCE | |
| Transcribing agency | CSPC |
| Original cataloging agency | CSPC |
| Language of cataloging | eng |
| Description conventions | rda |
| 050 00 - LIBRARY OF CONGRESS CALL NUMBER | |
| Classification number | PL6058.9.B73 |
| Item number | T33 2021 |
| 082 04 - DEWEY DECIMAL CLASSIFICATION NUMBER | |
| Classification number | 899.2114 |
| Item number | B747t |
| 100 10 - MAIN ENTRY--PERSONAL NAME | |
| Personal name | Breis, Niles Jordan, |
| Relator term | author. |
| 245 10 - TITLE STATEMENT | |
| Title | Tabaco : |
| Remainder of title | tatlong sanaysay / |
| Statement of responsibility, etc. | Niles Jordan Breis. |
| 264 #1 - PRODUCTION, PUBLICATION, DISTRIBUTION, MANUFACTURE, AND COPYRIGHT NOTICE | |
| Place of production, publication, distribution, manufacture | Naga City, Philippines : |
| Name of producer, publisher, distributor, manufacturer | Savage Mind Publishing House, |
| Date of production, publication, distribution, manufacture, or copyright notice | 2020. |
| 300 ## - PHYSICAL DESCRIPTION | |
| Extent | 69 pages ; |
| Dimensions | 18 cm |
| 336 ## - CONTENT TYPE | |
| Source | rdacontent |
| Content type term | text |
| 337 ## - MEDIA TYPE | |
| Source | rdamedia |
| Media type term | unmediated |
| 338 ## - CARRIER TYPE | |
| Source | rdacarrier |
| Carrier type term | volume |
| 490 0# - SERIES STATEMENT | |
| Series statement | Pangalagkalag series |
| 505 0# - FORMATTED CONTENTS NOTE | |
| Formatted contents note | Kung tawagin siya'y Angela Buruka -- Talong lumang sutana -- Si Kumander Nognog sa barangay Fatima. |
| 546 ## - LANGUAGE NOTE | |
| Language note | In Tagalog. |
| 650 #0 - SUBJECT ADDED ENTRY--TOPICAL TERM | |
| Topical term or geographic name entry element | Tagalog essays. |
| 710 2# - ADDED ENTRY--CORPORATE NAME | |
| Corporate name or jurisdiction name as entry element | Savage Mind Publishing House, |
| Relator term | publisher. |
| 942 ## - ADDED ENTRY ELEMENTS (KOHA) | |
| Source of classification or shelving scheme | Dewey Decimal Classification |
| Koha item type | Books |
| Classification part | 899.2114 |
| Call number prefix | BKL |
| Call number suffix | 2020 |
| Suppress in OPAC | No |
| Withdrawn status | Lost status | Source of classification or shelving scheme | Damaged status | Not for loan | Home library | Current library | Shelving location | Date acquired | Total Checkouts | Full call number | Barcode | Date last seen | Copy number | Price effective from | Koha item type |
|---|---|---|---|---|---|---|---|---|---|---|---|---|---|---|---|
| Dewey Decimal Classification | Main Library | Main Library | Bikoliana Section | 02/05/2024 | BKL 899.2114 B747t 2020 | 027000 | 02/05/2024 | 1-1 | 02/05/2024 | Books |